Topics in the mathematics of quantum mechanics /

Guardado en:
Autor Principal: Hermann, Robert, 1931-
Formato: Libro
Idioma:English
Publicado: Brookline, Mass. : Math Sci Press, 1977 printing, c1973.
Series:Interdisciplinary mathematics ; v. 6
Hermann, Robert, 1931- Interdisciplinary mathematics ; v. 6.
Materias:
Etiquetas: Agregar Etiqueta
Sin Etiquetas, Sea el primero en etiquetar este registro!
LEADER 00792cam a2200229 a 4500
001 MAT.inmabb005036
008 850507t19771973mau######b####000#0#eng##
005 20180222125204.0
245 1 0 |a Topics in the mathematics of quantum mechanics /  |c Robert Hermann. 
260 |a Brookline, Mass. :  |b Math Sci Press,  |c 1977 printing, c1973. 
300 |a ix, 249 p. ;  |c 21 cm. 
440 0 |a Interdisciplinary mathematics ;  |v v. 6 
504 |a Bibliografía: p. 247-249. 
510 4 |a MR,  |c 58 #25445 
100 1 |a Hermann, Robert,  |d 1931- 
800 1 |a Hermann, Robert,  |d 1931-  |t Interdisciplinary mathematics ;  |v v. 6. 
650 0 |a Quantum theory. 
650 0 |a Mathematical physics. 
084 |a 81.00 (58-01)  |2 MR 
010 |a  85152235  
040 |a DLC  |c DLC  |d DLC 
859 |h 81  |i H552  |p A-5421  |b BIB. MATEMATICA